| Tag |
First Indicator |
Second Indicator |
Subfields |
| LEADER |
00000cam a2200000 a 4500 |
| 001 |
in00002016183 |
| 005 |
20151031153632.0 |
| 008 |
930928s1993 sp b 001 1 spa d |
| 010 |
|
|
|a 94187123
|
| 020 |
|
|
|a 8474235839 (rústica)
|
| 020 |
|
|
|a 8474236169 (tela)
|
| 035 |
|
|
|a (OCoLC)ocm28901399
|
| 040 |
|
|
|a LNT
|c DLC
|d TXA
|d UtOrBLW
|
| 042 |
|
|
|a lccopycat
|
| 049 |
|
|
|a TXAM
|
| 050 |
0 |
0 |
|a PQ6422
|b .A1 1993
|
| 100 |
1 |
|
|a Quevedo, Francisco de,
|d 1580-1645.
|
| 240 |
1 |
0 |
|a Historia de la vida del Buscón
|
| 245 |
1 |
3 |
|a La vida del Buscón /
|c Francisco de Quevedo ; edición, prólogo y notas de Fernando Cabo Aseguinolaza ; con un estudio preliminar de Fernando Lázaro Carreter.
|
| 264 |
|
1 |
|a Barcelona :
|b Crítica,
|c [1993]
|
| 264 |
|
4 |
|c ©1993
|
| 300 |
|
|
|a xxiv, 437 pages ;
|c 20 cm.
|
| 336 |
|
|
|a text
|b txt
|2 rdacontent
|
| 337 |
|
|
|a unmediated
|b n
|2 rdamedia
|
| 338 |
|
|
|a volume
|b nc
|2 rdacarrier
|
| 490 |
1 |
|
|a Biblioteca clásica ;
|v v. 63
|
| 504 |
|
|
|a Includes bibliographical references (pages 391-416) and index.
|
| 536 |
|
|
|a From the Biblioteca Asensio, April 2004.
|
| 600 |
1 |
0 |
|a Quevedo, Francisco de,
|d 1580-1645.
|t Historia de la vida del Buscón.
|
| 700 |
1 |
|
|a Cabo Aseguinolaza, Fernando.
|
| 700 |
1 |
|
|a Lázaro Carreter, Fernando.
|
| 830 |
|
0 |
|a Biblioteca clásica (Barcelona, Spain) ;
|v v. 63.
|
| 948 |
|
|
|a cataloged
|b h
|c 2004/12/16
|d c
|e dmitchel
|f 12:20:10 pm
|
| 994 |
|
|
|a E0
|b TXA
|
| 999 |
|
|
|a MARS
|
| 999 |
f |
f |
|s 2b6ccb25-a569-3f5e-8c00-f20a3bd7b3b0
|i d3ee3866-7728-3013-b8d5-1a62e91843eb
|t 0
|
| 952 |
f |
f |
|p normal
|a Texas A&M University
|b College Station
|c Sterling C. Evans Library
|d Evans: Library Stacks
|t 0
|e PQ6422 .A1 1993
|h Library of Congress classification
|i unmediated -- volume
|m A14831641797
|
| 998 |
f |
f |
|a PQ6422 .A1 1993
|t 0
|l Evans: Library Stacks
|